000 00608nam a22002057a 4500
005 20260515114953.0
008 230914b ||||| |||| 00| 0 eng d
020 _a9788173394874
040 _aIN-DiNC
_cIN-DiNC
041 _dasm
082 _a301
_bSAI
100 _aSaikia, Utpal
_eauthor
245 _aUcchatar madhyamik samajtattwa:
_bsamajtattwa parichay aru samajbodh (class XI)/
_cby Utpal Saikia and Mridul Saikia
250 _a17th ed.
260 _aDibrugarh:
_bBanalata,
_c2023.
300 _a327p.
650 _aSociology for class XI
700 _aSaikia, Mridul
_eauthor
942 _2ddc
_cBK
999 _c11615
_d11615